Countries by their Capitals - Statistics

General Stats
  • This quiz has been taken 15 times
  • The average score is 132 of 196
Answer Stats
Hint Answer % Correct
Algiers Algeria
100%
Andorra la Vella Andorra
100%
Beijing China
100%
Athens Greece
100%
Beirut Lebanon
100%
Amsterdam Netherlands
100%
Bangkok Thailand
100%
Abu Dhabi United Arab Emirates
100%
Baku Azerbaijan
93%
Brasília Brazil
93%
Berlin Germany
93%
Accra Ghana
93%
Bissau Guinea-Bissau
93%
Baghdad Iraq
93%
Bern Switzerland
93%
Ankara Turkey
93%
Buenos Aires Argentina
86%
Brussels Belgium
86%
Bandar Seri Begawan Brunei
86%
Bogotá Colombia
86%
Havana Cuba
86%
Copenhagen Denmark
86%
Djibouti Djibouti
86%
Cairo Egypt
86%
Addis Ababa Ethiopia
86%
Helsinki Finland
86%
Guatemala City Guatemala
86%
Budapest Hungary
86%
Dublin Ireland
86%
Jerusalem Israel
86%
Amman Jordan
86%
Kuwait City Kuwait
86%
Luxembourg Luxembourg
86%
Antananarivo Madagascar
86%
Abuja Nigeria
86%
Lima Peru
86%
Lisbon Portugal
86%
Bratislava Slovakia
86%
Cape Town / Bloemfontein / Pretoria South Africa
86%
Madrid Spain
86%
Kiev Ukraine
86%
London United Kingdom
86%
Canberra Australia
79%
La Paz / Sucre Bolivia
79%
Ottawa Canada
79%
Prague Czech Republic
79%
Paris France
79%
Reykjavík Iceland
79%
New Delhi India
79%
Jakarta Indonesia
79%
Rome Italy
79%
Kingston Jamaica
79%
Astana Kazakhstan
79%
Kuala Lumpur Malaysia
79%
Mexico City Mexico
79%
Monaco Monaco
79%
Wellington New Zealand
79%
Islamabad Pakistan
79%
Panama City Panama
79%
Asunción Paraguay
79%
Moscow Russia
79%
Belgrade Serbia
79%
Damascus Syria
79%
Ashgabat Turkmenistan
79%
Washington D.C. United States
79%
Hanoi Vietnam
79%
Kabul Afghanistan
71%
Vienna Austria
71%
Nassau Bahamas
71%
Minsk Belarus
71%
Belmopan Belize
71%
Tokyo Japan
71%
Nairobi Kenya
71%
Bishkek Kyrgyzstan
71%
Bamako Mali
71%
Pyongyang North Korea
71%
Oslo Norway
71%
Manila Philippines
71%
Warsaw Poland
71%
Bucharest Romania
71%
San Marino San Marino
71%
São Tomé São Tomé and Príncipe
71%
Riyadh Saudi Arabia
71%
Singapore Singapore
71%
Ljubljana Slovenia
71%
Seoul South Korea
71%
Sri Jayawardenepura Kotte Sri Lanka
71%
Khartoum Sudan
71%
Stockholm Sweden
71%
Montevideo Uruguay
71%
Vatican City Vatican City
71%
Caracas Venezuela
71%
Harare Zimbabwe
71%
Luanda Angola
64%
Dhaka Bangladesh
64%
Bridgetown Barbados
64%
Gaborone Botswana
64%
Sofia Bulgaria
64%
Bangui Central African Republic
64%
Santiago Chile
64%
Zagreb Croatia
64%
Kinshasa Democratic Republic of the Congo
64%
San Salvador El Salvador
64%
Asmara Eritrea
64%
Georgetown Guyana
64%
Tehran Iran
64%
Riga Latvia
64%
Lilongwe Malawi
64%
Malé Maldives
64%
Chișinău Moldova
64%
Ulaanbaatar Mongolia
64%
Kathmandu Nepal
64%
Managua Nicaragua
64%
Doha Qatar
64%
Brazzaville Republic of the Congo
64%
Kigali Rwanda
64%
Apia Samoa
64%
Dakar Senegal
64%
Freetown Sierra Leone
64%
Juba South Sudan
64%
Taipei Taiwan
64%
Manama Bahrain
57%
Gitega Burundi
57%
Phnom Penh Cambodia
57%
San José Costa Rica
57%
Nicosia Cyprus
57%
Santo Domingo Dominican Republic
57%
Dili East Timor
57%
Quito Ecuador
57%
Tallinn Estonia
57%
Banjul Gambia
57%
Tbilisi Georgia
57%
Conakry Guinea
57%
Port-au-Prince Haiti
57%
Pristina Kosovo
57%
Monrovia Liberia
57%
Tripoli Libya
57%
Vaduz Liechtenstein
57%
Vilnius Lithuania
57%
Podgorica Montenegro
57%
Skopje North Macedonia
57%
Muscat Oman
57%
Port Moresby Papua New Guinea
57%
Castries Saint Lucia
57%
Kingstown Saint Vincent and the Grenadines
57%
Mogadishu Somalia
57%
Paramaribo Suriname
57%
Dodoma Tanzania
57%
Lomé Togo
57%
Tunis Tunisia
57%
Funafuti Tuvalu
57%
Kampala Uganda
57%
Saint John's Antigua and Barbuda
50%
Porto-Novo / Cotonou Benin
50%
Sarajevo Bosnia and Herzegovina
50%
Ouagadougou Burkina Faso
50%
N'Djamena Chad
50%
Moroni Comoros
50%
Roseau Dominica
50%
Malabo Equatorial Guinea
50%
Mbabane Eswatini
50%
Saint George's Grenada
50%
Tegucigalpa Honduras
50%
Yamoussoukro Ivory Coast
50%
Valletta Malta
50%
Rabat Morocco
50%
Maputo Mozambique
50%
Naypyidaw Myanmar
50%
Windhoek Namibia
50%
Niamey Niger
50%
Basseterre Saint Kitts and Nevis
50%
Honiara Solomon Islands
50%
Dushanbe Tajikistan
50%
Tashkent Uzbekistan
50%
Port Vila Vanuatu
50%
Sana'a Yemen
50%
Lusaka Zambia
50%
Tirana Albania
43%
Yerevan Armenia
43%
Yaoundé Cameroon
43%
Libreville Gabon
43%
South Tarawa Kiribati
43%
Vientiane Laos
43%
Majuro Marshall Islands
43%
Nouakchott Mauritania
43%
Port Louis Mauritius
43%
Victoria Seychelles
43%
Nukuʻalofa Tonga
43%
Port-of-Spain Trinidad and Tobago
43%
Thimphu Bhutan
36%
Praia Cape Verde
36%
Palikir Federated States of Micronesia
36%
Suva Fiji
36%
Ngerulmud Palau
36%
Maseru Lesotho
29%
Yaren Nauru
21%
No matching quizzes found
Score Distribution
Percent of People with Each Score
Percentile by Number Answered
Your Score History
You have not taken this quiz